| 000 | 00340nam a2200133Ia 4500 | ||
|---|---|---|---|
| 005 | 20251222155148.0 | ||
| 008 | 251222s9999||||xx |||||||||||||| ||spa|| | ||
| 082 | _aESC.117 | ||
| 100 | _aMinisterio de Salud | ||
| 245 | 0 | _aOrientaciones para una conformación mas participativa | |
| 250 | _a1ra. ed. | ||
| 264 | _bCare Perú | ||
| 942 | _cLIB | ||
| 999 |
_c39444 _d39444 |
||